000 00662nam a22002177a 4500
001 8297
003 FISKH
005 20250908151409.0
008 250908b cb ||||| |||| 00| 0 eng d
040 _aFISKH
_bkhr
_cFISKH
_dFISKH
082 _a370
100 _aAnonymous
245 _aកម្មវិធីសិក្សា ឆា-ឈីង :
_bសៀវភៅសម្រាប់សិស្ស /
260 _aPhnom Penh :
_bMinistry of Youth and Sport,
_c2019.
300 _a35 pages :
_bcolor illustrations ;
_c30 cm
505 _aQ
521 8 _a660
_bLexile estimate
521 8 _aQ
_bRaz-Plus
942 _2ddc
_cKHB
_n0
999 _c8297
_d8297